| 000 | 00491nam a2200181Ia 4500 | ||
|---|---|---|---|
| 003 | LK-CoDNM | ||
| 005 | 20241210152159.0 | ||
| 008 | 010623t1968 xxu||||| |||| 00| 1 sin d | ||
| 040 |
_aLK-CoDNM _dLK-CoDNM _eLK-CoDNM |
||
| 041 | _asin | ||
| 080 |
_a954.87 _bGUN |
||
| 100 | _aGunasingha,P.A.T. | ||
| 245 | _aපුරාතන රෝහණ රාජ්යය | ||
| 246 | _aPurathana Rohana Rajya | ||
| 260 |
_bDeepani _aNugegoda _c1968 |
||
| 300 | _b209p. ; maps, 18 cm | ||
| 942 | _cBK | ||
| 999 |
_c107654 _d107654 |
||